Trasa Warszawskiej linii autobusowej 509 - Statystyki

Ogólne statystyki
  • Ten quiz został rozwiązany 43 razy
    21 od ostatniego zresetowania
  • Średni wynik to 19 z 34
Statystyki odpowiedzi
Dzielnica Przystanek % Poprawnych
Białołęka Winnica
87%
Białołęka Winnica
87%
Praga-Północ Dworzec Wileński
73%
Białołęka Nowodwory
73%
Praga-Południe / Wawer Gocław
67%
Praga-Południe / Wawer Gocław
67%
Praga-Północ Kijowska
67%
Białołęka Tarchomin
67%
Białołęka / Praga-Północ Żerań FSO
67%
Praga-Południe Adampolska
60%
Praga-Południe Afrykańska
60%
Białołęka Białołęka-Ratusz
60%
Białołęka Grzymalitów
60%
Białołęka Mehoffera
60%
Praga-Północ Rondo Starzyńskiego
60%
Praga-Południe Rondo Waszyngtona
60%
Praga-Południe Abrahama
53%
Praga-Południe Aleja Zieleniecka
53%
Praga-Południe Bora-Komorowskiego
53%
Praga-Północ Golędzinów
53%
Białołęka Myśliborska
53%
Praga-Południe Saska
53%
Praga-Południe Stacja Krwiodawstwa
53%
Białołęka Konwaliowa
47%
Białołęka Milenijna
47%
Praga-Południe Osiedle Wilga
47%
Białołęka Płochocińska
47%
Praga-Północ Śliwice
47%
Praga-Południe Wał Gocławski
47%
Białołęka Ekspresowa
40%
Białołęka Elektrociepłownia Żerań
40%
Praga-Północ PIMOT
40%
Białołęka Stefanika
40%
Praga-Południe Umińskiego
40%
Nie znaleziono quizów pasujących do podanych kryteriów
Rozkład punktacji
Procent ludzi z każdym wynikiem
Percentyl według liczby udzielonych odpowiedzi
Twoja historia wyników
Nie rozwiązałeś tego quizu od ostatniego zresetowania